[Event "GER-ch Youth U14 2020"]
[Site "Willingen"]
[Date "2020.10.22"]
[Round "4.12"]
[White "Rempe, Jonas"]
[Black "Bungarten, Jona"]
[Result "1-0"]
[WhiteElo "1925"]
[BlackElo "1834"]
[Annotator "TA"]
[PlyCount "69"]
[EventDate "2020.10.20"]
[EventType "swiss"]
[EventRounds "7"]
[EventCountry "GER"]
[SourceTitle "playchess.com"]
[Source "ChessBase"]
[SourceQuality "1"]

{[%evp 11,69,24,25,26,26,30,65,68,49,44,41,51,40,48,40,45,77,74,82,84,84,57,58,58,81,80,114,113,120,110,146,144,154,152,153,-137,228,189,298,267,424,349,391,192,338,258,278,262,396,398,504,507,485,449,744,780,29973,29976,5522,5465]} 1. e4 e5 2. Nf3 Nc6 3. Bb5 Nge7 4. Nc3 g6 5. d4 exd4 6. Nd5 Bg7 $1 7. Bg5 {C60: Ruy Lopez: Unusual Black 3rd moves and 3...g6.} h6 8. Bf6 Kf8 {is now debated instead of 8...Bxf6.} 9. Bxg7+ {White is slightly better.} Kxg7 10. O-O (10. Nxd4 Nxd5 11. exd5 Qf6 $15) 10... d6 11. Nxd4 Nxd5 12. Nxc6 bxc6 13. Bxc6 {[%mdl 64] [#] Double Attack} Nf4 $146 ({Predecessor:} 13... Nb6 14. Bxa8 Nxa8 15. Qd4+ Kh7 16. Qxa7 Nb6 17. a4 Be6 18. a5 Nd7 {1-0 (57) Womacka,M (2435)-Hebbering,T (2153) Schwaebisch Gmuend 2017}) 14. Bxa8 Ba6 15. Bd5 {Strongly threatening c4.} Bxf1 16. Kxf1 Qf6 17. c3 Rb8 18. Bb3 Re8 19. f3 Re5 {Black wants to play ...Rh5.} 20. g3 Rh5 21. Qd2 ({Not} 21. gxf4 $2 Rxh2 22. f5 gxf5 $19) 21... Ne6 22. Kg2 Ng5 23. Rf1 $2 ({But not} 23. Qf4 $6 Qxf4 24. gxf4 Nh3 $14) (23. Qe3 $16) 23... Ne6 $2 {[%mdl 8192] Now Black is done in.} (23... Qxf3+ $1 $17 {keeps the pressure on.} 24. Rxf3 Rxh2+ 25. Kxh2 Nxf3+ 26. Kg2 Nxd2) 24. Qe3 Kh7 (24... Ra5 {was called for.} 25. Bd5 c6) 25. Bd5 g5 (25... Nc5 $142 26. Rd1 Qe7) 26. Qd3 {[#] Black must now prevent e5+.} Qe5 27. Bxe6 (27. Qa6 $142) 27... fxe6 $18 {[%mdl 4096] Endgame KQR-KQR} (27... Qxe6 $142 28. Rf2 Kg8) 28. Qd4 Qb5 {intending ...Rxh2+.} 29. Rf2 ({Worse is} 29. Qxa7 Rxh2+ 30. Kxh2 Qxf1 $11) 29... g4 (29... Qb6 $142 30. h3 g4 31. hxg4 Qxd4 32. cxd4 Ra5) 30. fxg4 {White threatens Rf7+ and mate.} Re5 31. Rf7+ Kg8 32. Qf2 Qe8 (32... Rg5 $142 33. Rxc7 Rg7) 33. Rxc7 {Intending Qf6 and mate.} Qg6 34. Rc8+ Kh7 35. Qxa7+ {Av CentiPawn Loss W=-27/B=784. Weighted=-32/180} 1-0

[Event "GER-ch Youth U14 2020"]
[Site "Willingen"]
[Date "2020.10.22"]
[Round "4.13"]
[White "Spriestersbach, Kai"]
[Black "Klühs, Gustaf"]
[Result "1-0"]
[WhiteElo "1863"]
[BlackElo "1827"]
[Annotator "NA RC"]
[PlyCount "65"]
[EventDate "2020.10.20"]
[EventType "swiss"]
[EventRounds "7"]
[EventCountry "GER"]
[SourceTitle "playchess.com"]
[Source "ChessBase"]
[SourceQuality "1"]
[TimeControl "40/5400+30:1800+30"]

{[%evp 15,60,15,34,34,31,33,32,65,85,39,87,113,152,75,66,65,77,32767,97,93,246,32767,197,32767,32767,32767,32767,32767,227,232,222,187,293,32767,32767,32767,32767,32767,32767,32767,32767,32767,32767,32767,32767,1360,29993]} 1. e4 e6 {[%emt 0:00:00]} 2. d4 {[%emt 0:00:00]} d5 {[%emt 0:00:00]} 3. Nc3 {[%emt 0:00:00]} dxe4 {[%emt 0:00:00]} 4. Nxe4 {[%emt 0:00:00]} Nd7 {[%emt 0:00:00]} 5. Bd3 {[%emt 0:01:55]} Ngf6 {[%emt 0:00:06]} 6. c3 {[%emt 0:00:17]} Be7 {[%emt 0:00:08]} 7. Nf3 {[%emt 0:00:14]} O-O {[%emt 0:00:49]} 8. Bf4 {[%emt 0:00:53] C10: French with 3 Nc3: Unusual Black 3rd moves and 3...dxe4.} b6 {[%emt 0:01:53]} 9. Qe2 {[%emt 0:00:49]} Bb7 {[%emt 0:00:22]} 10. Nxf6+ {[%emt 0:09:19]} Bxf6 {[%emt 0:01:33]} 11. O-O-O {[%emt 0:00:30]} Qc8 {[%emt 0:04:40] [#]} 12. Ne5 $146 {[%emt 0:04:11]} ({Predecessor:} 12. h4 $16 c5 13. Ng5 h6 14. Ne4 cxd4 15. Bb5 Bxe4 16. Bxd7 Qxd7 17. Qxe4 Qa4 18. Kb1 {½-½ (53) Jacek,K (1835)-Starzynski,W Chojnice 2005}) 12... g6 {[%emt 0:29:29] [#]} (12... c5 $11) 13. h4 $1 {[%emt 0:06:14]} c5 {[%emt 0:18:17]} (13... Bxe5 $142 14. dxe5 Nc5) 14. Bb5 {[%emt 0:24:54]} (14. h5 $18 g5 15. Nxd7 Qxd7 16. dxc5) 14... Nxe5 {[%emt 0:01:57]} 15. dxe5 {[%emt 0:01:22]} Bg7 {[%emt 0:04:09]} 16. f3 {[%emt 0:08:35]} Bc6 {[%emt 0:08:11]} 17. Rd6 {[%emt 0:02:41]} Bd5 {[%emt 0:02:19]} (17... Bxb5 $16 18. Qxb5 Qe8) 18. c4 {[%emt 0:02:58]} Bb7 {[%emt 0:02:07]} 19. Ba4 {[%emt 0:07:03]} Qc7 {[%emt 0:09:46]} 20. Rd7 {[%emt 0:08:40]} Qc8 {[%emt 0:00:11]} 21. Rhd1 {[%emt 0:01:06]} Bc6 $2 {[%emt 0:00:14]} (21... a6 $16 {was worth a try.}) 22. Bxc6 {[%emt 0:00:15]} Qxc6 {[%emt 0:00:03]} 23. b3 {[%emt 0:02:17]} Qc8 {[%emt 0:01:18]} (23... Rac8 {was called for.} 24. h5 (24. Rxa7 Rc7 $16) 24... Rfe8) 24. Bg5 {[%emt 0:03:18]} Qa6 {[%emt 0:01:44]} 25. Kb2 {[%emt 0:02:41]} Qc8 {[%emt 0:02:39]} 26. Bf6 {[%emt 0:00:25]} Qb8 {[%emt 0:04:40]} 27. Bxg7 {[%emt 0:03:07]} Kxg7 {[%emt 0:00:06]} 28. h5 {[%emt 0:00:31]} a5 {[%emt 0:02:43]} 29. Qe3 {[%emt 0:00:48]} Kg8 {[%emt 0:02:50] [#]} 30. Qg5 $18 {[%emt 0:00:34]} f6 {[%emt 0:01:43]} 31. exf6 {[%emt 0:01:01]} a4 {[%emt 0:00:42]} 32. hxg6 {[%emt 0:00:22]} h6 {[%emt 0:00:06]} 33. Rg7+ {[%emt 0:00:06]} 1-0

[Event "GER-ch Youth U14 2020"]
[Site "Willingen"]
[Date "2020.10.22"]
[Round "4.14"]
[White "Meuer, David"]
[Black "Schubert, Nikita"]
[Result "0-1"]
[WhiteElo "1632"]
[BlackElo "1946"]
[Annotator "TA"]
[PlyCount "192"]
[EventDate "2020.10.20"]
[EventType "swiss"]
[EventRounds "7"]
[EventCountry "GER"]
[SourceTitle "playchess.com"]
[Source "ChessBase"]
[SourceQuality "1"]

{[%evp 18,191,14,16,34,-22,-28,-52,-21,-58,-38,-39,-27,-47,-37,-49,-41,-72,-71,-94,-32,-69,-54,-44,-6,-55,-49,-44,-14,-89,-18,-8,0,0,0,0,0,0,63,29,36,-51,0,-87,-96,-733,-17,-32,-29,-65,-70,-200,-51,-42,-39,-123,-7,-77,29,-63,58,-6,26,-120,-112,-164,-182,-188,-151,-152,-145,-306,-140,-129,-75,-114,-108,-159,-159,-152,-159,-155,-98,-127,-127,-127,-127,-131,-127,-129,-129,-169,-170,-199,-198,-224,-221,-214,-206,-216,-207,-214,-212,-297,-279,-325,-318,-345,-334,-555,-591,-464,-457,-664,-518,-489,-485,-1104,-957,-12796,-5056,-29977,-29978,-29978,-29978,-29979,-29980,-29985,-29986,-29987,-29988,-29988,-29982,-29988,-29980,-29986,-29986,-29987,-29988,-29989,-29990,-29990,-29989,-29989,-29988,-29988,-29988,-29988,-29988,-29988,-29989,-29989,-29990,-29990,-29991,-29989,-29990,-29990,-29991,-29993,-29994,-29994,-29995,-29996,-29997,-29997,-29998,-29998,-29997,-29997,-29997,-29997,-29998,-29998,-29999,-29999]} 1. e4 e5 2. Nf3 Nc6 3. Nc3 Nf6 4. d4 exd4 5. Nxd4 Bc5 6. Nxc6 bxc6 7. Bd3 O-O 8. O-O Re8 9. Bg5 h6 10. Bh4 d6 {C47: Scotch Four Knights and Four Knights with 4 g3.} 11. h3 (11. Na4 $14) 11... Bd4 $11 {[#]} 12. Qf3 $146 ({Predecessor:} 12. Qd2 g5 13. Bg3 Nh5 14. Bh2 Qf6 15. Ne2 Bxb2 16. Rab1 Be5 17. f4 gxf4 18. Nxf4 {0-1 (47) Dourerassou,J (2415)-Wagner,D (2569) Zillertal 2015}) 12... Rb8 {Black is slightly better.} 13. Rab1 Be6 14. a3 g5 15. Bg3 Nd7 16. Rfd1 Ne5 17. Bxe5 Bxe5 18. Bf1 Kh7 (18... Qf6 $17 19. Qxf6 Bxf6) 19. Rd3 {[#]} g4 $1 {[%mdl 512]} 20. hxg4 Rg8 21. g3 Bxg4 22. Qe3 ({Of course not} 22. Qxf7+ Rg7 $11) 22... c5 23. Bg2 (23. f4 $11 {keeps the balance.} Bd4 24. Rxd4 cxd4 25. Qxd4) 23... c6 (23... h5 $1 $17 {White should prevent ...h4.} 24. Ne2 h4) 24. b3 Qf6 25. Ne2 {[#]} c4 $1 {[%mdl 512]} 26. Rd2 (26. bxc4 Rxb1+) 26... Bxe2 27. Qxe2 cxb3 (27... Bc3 $11) 28. cxb3 c5 29. Qd3 ({White should try} 29. Rd3 $14) 29... Kh8 (29... h5 $15) 30. Rc2 (30. Qf3 $11) 30... Bd4 $17 31. Qf3 $2 {[%mdl 8192]} (31. Kh1 $17) 31... Qg6 $2 (31... Qxf3 $19 32. Bxf3 Rxg3+ {[%mdl 64] Double Attack} 33. Bg2 Rbg8) 32. Kh1 Rge8 33. Re1 Re5 34. Qd3 (34. Kg1 $15) 34... Rh5+ (34... f5 $19 {And now ...d5! would win.} 35. b4 a5) 35. Kg1 $15 Rg5 {Threatens to win with ...Rxg3.} 36. Kh1 (36. Kh2 $1 $15) 36... h5 (36... Qh5+ $1 $17 37. Kg1 Rbg8) 37. Bh3 $1 $11 Qf6 (37... d5 $17) 38. Ree2 (38. f4 $11 Rg6 39. Bf5) 38... Re8 (38... Rgg8 $15) 39. Bf5 (39. f4 $1 $14 Rg6 40. Bf5) 39... Qg7 40. Bh3 {[#]} (40. Rc1 $11 {remains equal.}) 40... h4 $1 $36 {[%cal Rh4g3][%mdl 2560] White is under strong pressure.} 41. g4 {[#]} (41. Bd7 $17 {is a better defense.} Re7 42. Bf5) (41. gxh4 Rg1+) 41... Qf6 $1 $19 42. Kg2 Rge5 43. Kh1 Qf4 {[%cal Re5e4]} 44. Qd2 $2 {[#]} (44. Kg2 $17) 44... Qxd2 (44... Qf3+ $1 $19 45. Bg2 Qxg4 46. Qh6+ Kg8) 45. Rcxd2 $17 d5 (45... Rxe4 $142 46. Rxe4 Rxe4) 46. f3 dxe4 47. Rxe4 (47. f4 $142 R5e6 48. g5) 47... Rxe4 48. fxe4 Rxe4 {[%mdl 4096] Endgame KRB-KRB} 49. Rd3 Re2 ({Black should play} 49... Kg7 50. Rf3 Kg6) 50. a4 Kg7 51. Bg2 Be5 52. Kg1 Bg3 53. Rf3 Rb2 54. Kf1 Kg6 55. Rf5 Rxb3 56. Rxc5 Rb1+ 57. Ke2 {Be4+ is the strong threat.} Rb2+ 58. Kf1 Rf2+ 59. Kg1 Rf4 {aiming for ...Bf2+.} 60. Rc1 (60. Ra5 {was called for.}) 60... Rxa4 $19 61. Bh3 Ra2 62. Rc6+ Kg7 63. Rc4 $2 (63. Bf1) 63... a5 {[%cal Ba7a5,Ba5a4,Ba4a3][%mdl 32]} 64. Bf1 a4 65. Rc1 (65. Rc3 $142) 65... Rb2 66. Ra1 Rb4 67. Be2 (67. Ra2 $142) 67... Be5 68. Ra3 Bb2 69. Ra2 a3 {Black mates.} 70. Kg2 Kf6 71. Kh3 Kg5 72. Bd1 Rc4 73. Bf3 {[#]} Rc3 $1 74. Kg2 f6 75. Bd1 Rg3+ 76. Kh2 Rxg4 77. Kh3 Rc4 78. Kg2 Rc3 79. Kh2 Kf4 80. Kg2 Rg3+ 81. Kh2 f5 82. Bc2 Ke5 83. Bd1 f4 84. Be2 f3 85. Bf1 Kd4 86. Bh3 {[#]} Rxh3+ $1 87. Kxh3 {KR-KB} Ke3 88. Kxh4 f2 89. Kg3 f1=Q 90. Rxa3+ Bxa3 91. Kg4 Be7 {[%csl Ge3][%cal Rf1f3]} 92. Kg3 Qf4+ 93. Kg2 Qf3+ 94. Kh2 Qg4 95. Kh1 Kf2 {[%cal Rg4h5]} 96. Kh2 Qg2# {Av CentiPawn Loss W=-69/B=-41. Weighted=-72/-54} 0-1

[Event "GER-ch Youth U14 2020"]
[Site "Willingen"]
[Date "2020.10.22"]
[Round "4.16"]
[White "Ermitsch, Magnus"]
[Black "Raasch, Hauke"]
[Result "1-0"]
[WhiteElo "2049"]
[BlackElo "1676"]
[Annotator "TA"]
[PlyCount "33"]
[EventDate "2020.10.20"]
[EventType "swiss"]
[EventRounds "7"]
[EventCountry "GER"]
[SourceTitle "playchess.com"]
[Source "ChessBase"]
[SourceQuality "1"]

{[%evp 10,33,25,32,31,26,41,16,30,-20,-20,-24,50,50,53,37,56,43,34,36,53,0,469,466,483,487]} 1. e4 c6 2. Nc3 d5 3. Nf3 dxe4 4. Nxe4 Nf6 5. Qe2 Nxe4 6. Qxe4 Qd5 {B11: Caro-Kann: Two Knights Variation.} 7. Qf4 Qd6 {[#]} 8. Qe3 $146 ({Predecessor:} 8. d4 Qxf4 9. Bxf4 Nd7 10. Bc4 e6 11. O-O Be7 12. Rfe1 O-O 13. Bb3 Nf6 14. c4 {1-0 (28) Vasiesiu,D (2392)-Chiriac,D (1836) Targu Mures 2019}) 8... Bf5 {The position is equal.} 9. Nd4 Bg6 10. f4 h6 (10... c5 $11 11. Bb5+ Nc6 12. Nxc6 bxc6) 11. Be2 Nd7 12. O-O (12. f5 $5 {[%cal Rf5g6]} Bh7 13. O-O $14) 12... O-O-O 13. d3 $36 {[%mdl 2048] White has good play.} e6 14. Nb3 Nc5 15. Bd2 ({White should play} 15. Qf2 $14) 15... Kb8 $2 {[%mdl 8192] [#]} (15... Nxb3 $1 $11 16. axb3 a6) 16. Bb4 $18 b6 17. d4 {Av CentiPawn Loss W=-14/B=-56. Weighted=-11/-84} 1-0

[Event "GER-ch Youth U14 2020"]
[Site "Willingen"]
[Date "2020.10.22"]
[Round "4.17"]
[White "Schwartz, Oliver"]
[Black "Kageler, Anton Paul"]
[Result "0-1"]
[WhiteElo "1794"]
[BlackElo "1664"]
[Annotator "NA RC"]
[PlyCount "60"]
[EventDate "2020.10.20"]
[EventType "swiss"]
[EventRounds "7"]
[EventCountry "GER"]
[SourceTitle "playchess.com"]
[Source "ChessBase"]
[SourceQuality "1"]
[TimeControl "40/5400+30:1800+30"]

1. e4 {[%emt 0:00:00]} c5 {[%emt 0:00:00]} 2. Nf3 {[%emt 0:00:00]} d6 {[%emt 0:00:00]} 3. d4 {[%emt 0:00:00]} cxd4 {[%emt 0:00:05]} 4. Nxd4 {[%emt 0:00:00]} Nf6 {[%emt 0:00:18]} 5. Nc3 {[%emt 0:00:05]} g6 {[%emt 0:00:17]} 6. f3 {[%emt 0:00:26]} Bg7 {[%emt 0:00:11]} 7. Be3 {[%emt 0:00:07]} O-O {[%emt 0:00:19]} 8. Qd2 {[%emt 0:01:27]} Nc6 {[%emt 0:00:15]} 9. O-O-O {[%emt 0:00:12]} d5 {[%emt 0:00:45]} 10. exd5 {[%emt 0:00:11]} Nxd5 {[%emt 0:00:13]} 11. Nxc6 {[%emt 0:00:13]} bxc6 {[%emt 0:00:14]} 12. Bd4 {[%emt 0:00:07]} e5 {[%emt 0:01:19]} 13. Bc5 {[%emt 0:00:09]} Be6 {[%emt 0:17:04]} 14. a3 {[%emt 0:29:32]} Qc7 {[%emt 0:22:10]} 15. Bxf8 {[%emt 0:11:45]} Rxf8 {[%emt 0:01:38]} 16. h4 {[%emt 0:01:22]} Nxc3 {[%emt 0:02:53]} 17. Qxc3 {[%emt 0:00:35]} Rb8 {[%emt 0:03:05]} 18. Qd2 {[%emt 0:05:30]} e4 {[%emt 0:08:28]} 19. c3 {[%emt 0:00:55]} Qb6 {[%emt 0:00:41]} 20. b4 {[%emt 0:21:42]} e3 {[%emt 0:11:33]} 21. Qc2 {[%emt 0:03:30]} c5 {[%emt 0:02:10]} 22. h5 {[%emt 0:02:15]} cxb4 {[%emt 0:00:50]} 23. axb4 {[%emt 0:00:36]} Rc8 {[%emt 0:02:57]} 24. c4 {[%emt 0:12:04]} Qxb4 {[%emt 0:00:54]} 25. Rd3 {[%emt 0:01:18]} Qe1+ {[%emt 0:14:44]} 26. Rd1 {[%emt 0:00:10]} Qa5 {[%emt 0:00:39]} 27. Qb3 {[%emt 0:02:10]} Qa1+ {[%emt 0:06:18]} 28. Kc2 {[%emt 0:00:11]} Bf5+ {[%emt 0:00:16]} 29. Bd3 {[%emt 0:00:20]} Rxc4+ {[%emt 0:00:26]} 30. Qxc4 {[%emt 0:01:01]} Qb2# {[%emt 0:00:08]} 0-1

[Event "GER-ch Youth U14 2020"]
[Site "Willingen"]
[Date "2020.10.22"]
[Round "4.18"]
[White "Mimkes, Antal"]
[Black "Lerchl, Clemens"]
[Result "1-0"]
[WhiteElo "1567"]
[BlackElo "1699"]
[Annotator "NA RC"]
[PlyCount "57"]
[EventDate "2020.10.20"]
[EventType "swiss"]
[EventRounds "7"]
[EventCountry "GER"]
[SourceTitle "playchess.com"]
[Source "ChessBase"]
[SourceQuality "1"]
[TimeControl "40/5400+30:1800+30"]

1. e4 {[%emt 0:00:00]} c5 {[%emt 0:00:00]} 2. Nf3 {[%emt 0:00:02]} d6 {[%emt 0:00:00]} 3. b4 {[%emt 0:00:43]} cxb4 {[%emt 0:01:59]} 4. d4 {[%emt 0:01:00]} Nf6 {[%emt 0:01:22]} 5. Bd3 {[%emt 0:02:57]} Bg4 {[%emt 0:03:06]} 6. O-O {[%emt 0:01:25]} d5 {[%emt 0:01:33]} 7. e5 {[%emt 0:03:28]} Ne4 {[%emt 0:00:33]} 8. Re1 {[%emt 0:06:08]} Nc3 {[%emt 0:02:47]} 9. Nxc3 {[%emt 0:02:41]} bxc3 {[%emt 0:00:08]} 10. h3 {[%emt 0:02:36]} Bxf3 {[%emt 0:01:25]} 11. Qxf3 {[%emt 0:03:59]} e6 {[%emt 0:00:08]} 12. Qg4 {[%emt 0:03:29]} h6 {[%emt 0:03:00]} 13. f4 {[%emt 0:04:04]} g6 {[%emt 0:09:31]} 14. Bxg6 {[%emt 0:03:31]} fxg6 {[%emt 0:01:06]} 15. Qxe6+ {[%emt 0:00:41]} Be7 {[%emt 0:03:33]} 16. Qxg6+ {[%emt 0:01:02]} Kd7 {[%emt 0:00:06]} 17. f5 {[%emt 0:02:13]} Qb6 {[%emt 0:05:51]} 18. e6+ {[%emt 0:04:27]} Kc8 {[%emt 0:01:08]} 19. Qg7 {[%emt 0:02:05]} Qd8 {[%emt 0:00:51]} 20. Re3 {[%emt 0:08:58]} Bf6 {[%emt 0:05:31]} 21. Rxc3+ {[%emt 0:06:28]} Nc6 {[%emt 0:00:08]} 22. Qg4 {[%emt 0:01:35]} Qb6 {[%emt 0:03:14]} 23. Rc5 {[%emt 0:06:04]} Qd8 {[%emt 0:12:16]} 24. c3 {[%emt 0:03:34]} Qe7 {[%emt 0:05:33]} 25. Ba3 {[%emt 0:03:31]} Qd8 {[%emt 0:02:13]} 26. Qf3 {[%emt 0:01:17]} Rg8 {[%emt 0:03:08]} 27. Rxd5 {[%emt 0:02:57]} Qc7 {[%emt 0:01:43]} 28. Rd7 {[%emt 0:04:40]} Qg3 {[%emt 0:01:07]} 29. Rf1 {[%emt 0:04:18]} 1-0

[Event "GER-ch Youth U14 2020"]
[Site "Willingen"]
[Date "2020.10.22"]
[Round "4.19"]
[White "Englert, Luca"]
[Black "Tovmasyan, Minas"]
[Result "0-1"]
[WhiteElo "1530"]
[BlackElo "1658"]
[Annotator "NA RC"]
[PlyCount "86"]
[EventDate "2020.10.20"]
[EventType "swiss"]
[EventRounds "7"]
[EventCountry "GER"]
[SourceTitle "playchess.com"]
[Source "ChessBase"]
[SourceQuality "1"]
[TimeControl "40/5400+30:1800+30"]

1. e4 {[%emt 0:00:00]} c5 {[%emt 0:00:00]} 2. Nc3 {[%emt 0:00:00]} e6 {[%emt 0:00:52]} 3. f4 {[%emt 0:00:00]} d5 {[%emt 0:08:34]} 4. Bb5+ {[%emt 0:04:25]} Bd7 {[%emt 0:01:04]} 5. exd5 Bxb5 {[%emt 0:07:12]} 6. Nxb5 {[%emt 0:00:40]} exd5 {[%emt 0:00:30]} 7. Qh5 {[%emt 0:00:48]} Qe7+ {[%emt 0:08:23]} 8. Qe5 {[%emt 0:01:43]} Qxe5+ {[%emt 0:03:26]} 9. fxe5 {[%emt 0:00:10]} Kd7 {[%emt 0:06:07]} 10. Nf3 {[%emt 0:00:55]} Nc6 {[%emt 0:15:05]} 11. O-O {[%emt 0:00:44]} h6 {[%emt 0:11:22]} 12. b3 {[%emt 0:02:02]} a6 {[%emt 0:04:19]} 13. Nc3 {[%emt 0:00:16]} d4 {[%emt 0:07:04]} 14. Nd5 {[%emt 0:00:20]} Re8 {[%emt 0:01:47]} 15. Re1 {[%emt 0:01:45]} Nge7 {[%emt 0:01:53]} 16. Nf4 {[%emt 0:01:46]} Kc8 {[%emt 0:08:53]} 17. e6 {[%emt 0:01:57]} fxe6 {[%emt 0:00:57]} 18. Rxe6 {[%emt 0:00:18]} g5 {[%emt 0:03:45]} 19. Ng6 {[%emt 0:01:07]} Rh7 {[%emt 0:00:58]} 20. Ba3 {[%emt 0:00:47]} Kd7 {[%emt 0:03:04]} 21. Rae1 {[%emt 0:00:28]} b6 {[%emt 0:00:34]} 22. d3 {[%emt 0:02:57]} Rc8 {[%emt 0:01:14]} 23. Nd2 {[%emt 0:02:31]} Rg7 {[%emt 0:02:42]} 24. Nxf8+ {[%emt 0:03:02]} Rxf8 {[%emt 0:00:00]} 25. Rxh6 {[%emt 0:00:36]} Nf5 {[%emt 0:00:39]} 26. Rh3 {[%emt 0:02:02]} g4 {[%emt 0:00:55]} 27. Rh5 {[%emt 0:00:19]} Ne3 {[%emt 0:01:08]} 28. Bc1 {[%emt 0:02:18]} Rgf7 {[%emt 0:00:21]} 29. h4 {[%emt 0:01:38]} Rf2 {[%emt 0:00:56]} 30. Rh7+ {[%emt 0:01:05]} Kd8 {[%emt 0:00:27]} 31. Kh1 {[%emt 0:03:23]} Nxc2 {[%emt 0:00:46]} 32. Rg1 {[%emt 0:00:53]} Ne5 {[%emt 0:00:28]} 33. Ne4 {[%emt 0:00:35]} Re2 {[%emt 0:00:32]} 34. Nd6 {[%emt 0:00:13]} Ne3 {[%emt 0:00:31]} 35. h5 {[%emt 0:01:29]} g3 {[%emt 0:00:26]} 36. h6 {[%emt 0:00:39]} Nxd3 {[%emt 0:00:29]} 37. Nf7+ {[%emt 0:01:18]} Kc8 {[%emt 0:00:35]} 38. Bxe3 {[%emt 0:00:35]} Nf2+ {[%emt 0:00:29]} 39. Bxf2 {[%emt 0:00:12]} gxf2 {[%emt 0:00:01]} 40. Rh8 {[%emt 0:01:29]} Rxh8 {[%emt 0:00:24]} 41. Nxh8 {[%emt 0:30:12]} Re1 {[%emt 0:05:16]} 42. Rxe1 {[%emt 0:00:00]} fxe1=Q+ {[%emt 0:00:55]} 43. Kh2 {[%emt 0:00:00]} Qe5+ {[%emt 0:00:16]} 0-1

[Event "GER-ch Youth U14 2020"]
[Site "Willingen"]
[Date "2020.10.22"]
[Round "4.20"]
[White "Ehrig, Leon Chris"]
[Black "Pfeffer, Samuel"]
[Result "1-0"]
[WhiteElo "1718"]
[BlackElo "1427"]
[Annotator "NA RC"]
[PlyCount "39"]
[EventDate "2020.10.20"]
[EventType "swiss"]
[EventRounds "7"]
[EventCountry "GER"]
[SourceTitle "playchess.com"]
[Source "ChessBase"]
[SourceQuality "1"]
[TimeControl "40/5400+30:1800+30"]

1. e4 {[%emt 0:00:00]} e5 {[%emt 0:00:00]} 2. Nf3 {[%emt 0:00:00]} Nc6 {[%emt 0:01:06]} 3. Bb5 {[%emt 0:00:00]} a6 {[%emt 0:01:41]} 4. Bxc6 {[%emt 0:00:33]} dxc6 {[%emt 0:00:52]} 5. O-O {[%emt 0:00:14]} Bg4 {[%emt 0:01:59]} 6. h3 {[%emt 0:00:46]} h5 {[%emt 0:01:35]} 7. d3 {[%emt 0:00:10]} g5 {[%emt 0:01:46]} 8. hxg4 {[%emt 0:03:27]} hxg4 {[%emt 0:08:16]} 9. Nxe5 {[%emt 0:05:03]} g3 {[%emt 0:03:17]} 10. Qf3 {[%emt 0:16:32]} Qf6 {[%emt 0:19:17]} 11. Qxf6 {[%emt 0:04:26]} Nxf6 {[%emt 0:00:03]} 12. Be3 {[%emt 0:00:15]} Bd6 {[%emt 0:01:37]} 13. Bd4 {[%emt 0:13:39]} c5 {[%emt 0:02:26]} 14. Bc3 {[%emt 0:01:38]} b5 {[%emt 0:02:56]} 15. Nf3 {[%emt 0:08:55]} Be7 {[%emt 0:03:48]} 16. fxg3 {[%emt 0:00:45]} O-O-O {[%emt 0:03:45]} 17. Nxg5 {[%emt 0:02:28]} c4 {[%emt 0:03:49]} 18. Bxf6 {[%emt 0:02:50]} Bxf6 {[%emt 0:00:50]} 19. Rxf6 {[%emt 0:00:11]} cxd3 {[%emt 0:00:46]} 20. cxd3 {[%emt 0:00:44]} 1-0

[Event "GER-ch Youth U14 2020"]
[Site "Willingen"]
[Date "2020.10.22"]
[Round "4.21"]
[White "Brunner, Alexander"]
[Black "Niemann, Leon"]
[Result "0-1"]
[WhiteElo "1692"]
[BlackElo "1880"]
[Annotator "NA RC"]
[PlyCount "60"]
[EventDate "2020.10.20"]
[EventType "swiss"]
[EventRounds "7"]
[EventCountry "GER"]
[SourceTitle "playchess.com"]
[Source "ChessBase"]
[SourceQuality "1"]
[TimeControl "40/5400+30:1800+30"]

{[%evp 15,52,48,54,45,32767,7,50,51,72,66,72,93,65,67,130,153,134,32767,24,0,8,32767,32767,32767,-154,-74,-47,-263,-241,-259,-247,-236,32767,32767,-273,32767,32767,32767,-304]} 1. d4 {[%emt 0:00:00]} Nf6 {[%emt 0:00:00]} 2. c4 {[%emt 0:00:00]} c5 {[%emt 0:00:00]} 3. d5 {[%emt 0:00:00]} b5 {[%emt 0:00:00]} 4. cxb5 {[%emt 0:00:22]} a6 {[%emt 0:00:00]} 5. bxa6 {[%emt 0:00:22]} g6 {[%emt 0:00:04]} 6. Nc3 {[%emt 0:00:32] A58: Benko/Volga Gambit: Lines with 5 bxa6.} Bg7 {[%emt 0:00:24]} 7. e4 {[%emt 0:00:58]} O-O {[%emt 0:00:42]} 8. Nf3 {[%emt 0:01:02]} Qa5 {[%emt 0:04:47]} 9. Bd2 {[%emt 0:03:57]} Bxa6 {[%emt 0:05:17]} 10. Bxa6 {[%emt 0:00:24]} Nxa6 {[%emt 0:00:13]} 11. O-O {[%emt 0:03:46]} Rfb8 {[%emt 0:02:35] [#]} 12. a4 $146 {[%emt 0:02:24]} ({Predecessor:} 12. Rb1 d6 13. e5 dxe5 14. Nxe5 Qc7 15. Re1 Nb4 16. Nc6 Nxc6 17. dxc6 Rd8 18. Qe2 Qxc6 {0-1 (39) Kula,R (2310)-Czernek,T (2003) Police 2019}) 12... Nb4 {[%emt 0:08:19]} 13. e5 {[%emt 0:05:52]} Ng4 {[%emt 0:13:19]} 14. Bf4 {[%emt 0:00:59]} Qa6 {[%emt 0:18:22]} 15. Nb5 {[%emt 0:05:18]} Qb7 {[%emt 0:03:11]} 16. Nc3 {[%emt 0:05:18]} c4 {[%emt 0:11:17]} 17. h3 {[%emt 0:08:53]} Nd3 {[%emt 0:02:14] Double Attack} 18. e6 {[%emt 0:08:37]} Nxf4 {[%emt 0:03:55]} 19. exf7+ {[%emt 0:00:36]} Kh8 {[%emt 0:00:41]} 20. hxg4 {[%emt 0:00:58]} Qxb2 {[%emt 0:05:27]} 21. Ne4 $2 {[%emt 0:01:49]} ({Wrong is} 21. Qc1 $2 Qxc1 22. Raxc1 Bxc3 $19) (21. d6 $1 $15 e6 22. Ne4) 21... Qxa1 {[%emt 0:01:19]} 22. Qxa1 {[%emt 0:00:19]} Bxa1 {[%emt 0:00:01]} 23. Rxa1 {[%emt 0:00:02]} Nxd5 {[%emt 0:02:28]} 24. Nc5 {[%emt 0:01:37]} Rf8 {[%emt 0:02:51]} 25. Nxd7 {[%emt 0:01:25]} Rxf7 {[%emt 0:00:08]} 26. Nfe5 {[%emt 0:00:10]} Rf4 $19 {[%emt 0:01:45]} 27. Rd1 {[%emt 0:02:54]} Nc3 {[%emt 0:04:31]} 28. Rd2 {[%emt 0:00:22]} Nxa4 {[%emt 0:02:31]} 29. g3 {[%emt 0:01:35]} c3 {[%emt 0:01:05]} 30. Rc2 {[%emt 0:00:32]} Rd4 {[%emt 0:00:17]} 0-1